Familias rotas y educación de los hijos

Պահպանված է:
Մատենագիտական մանրամասներ
Հիմնական հեղինակ: Sánchez García, Elena (Հեղինակ)
Ձևաչափ: Գիրք
Լեզու:իսպաներեն
Հրապարակվել է: Madrid Narcea 1984
Շարք:Colección Padres
Խորագրեր:
Ցուցիչներ: Ավելացրեք ցուցիչ
Չկան պիտակներ, Եղեք առաջինը, ով նշում է այս գրառումը!

MARC

LEADER 00000nam a2200000 a 4500
001 UCY7667
003 CL-VaPUC
008 950616e19840000SP |||||||||||||||||spa|d
082 0 4 |a 306.89  |b SAN  |2 21 
100 0 |a Sánchez García, Elena  |e author  |9 338316 
245 1 0 |a Familias rotas y educación de los hijos 
300 |a 124 p 
942 |c BK 
945 |d 19950616 00:00:00  |a cmena 
260 |a Madrid  |b Narcea  |c 1984 
650 0 |a Familias   |9 255641 
650 0 |a Vida familiar  |9 308049 
650 0 |a Divorcio  |9 256204 
650 7 |a DISOLUCION DEL MATRIMONIO  |2 CL-VaPUC  |9 335077 
650 0 |a Niños  |9 255605 
583 |a last modification  |c 20180227 05:52:41  |k Rodrigo Vera 
490 0 |a Colección Padres 
999 |c 234997  |d 234995 
952 |0 0  |1 0  |4 0  |6 306_890000000000000_SAN_1984  |7 0  |8 P  |9 242067  |a BIBEDU  |b BIBEDU  |c BIBEDU_PB  |d 2019-11-18  |i 1519824  |o 306.89 SAN 1984  |p 1519824  |r 2019-11-18  |w 2019-11-18  |y BK  |k EDU